| Tag |
First Indicator |
Second Indicator |
Subfields |
| LEADER |
00000cam a2200000Ka 4500 |
| 001 |
in00002575381 |
| 005 |
20151201150137.0 |
| 006 |
m f d |
| 007 |
cr unu|||||||| |
| 008 |
100428s2010 txu sbm 000 0 eng d |
| 035 |
|
|
|a (OCoLC)ocn609883794
|
| 035 |
|
|
|a (OCoLC)609883794
|
| 035 |
|
|
|a (TxCM)http://hdl.handle.net/1969.1/ETD-TAMU-2009-08-6970
|
| 040 |
|
|
|a TXA
|c TXA
|d UtOrBLW
|
| 049 |
|
|
|a TXAM
|
| 099 |
|
|
|a 2009
|a Thesis
|a 1969.1/ETD-TAMU-2009-08-6970
|
| 100 |
1 |
|
|a Rose-Harvey, Keisha M.
|
| 245 |
1 |
0 |
|a Water flow through geotextiles used to support the root zone of turfgrass on sports fields /
|c by Keisha M. Rose-Harvey.
|
| 264 |
|
1 |
|a [College Station, Tex.] :
|b [Texas A&M University],
|c [2010]
|
| 300 |
|
|
|a 1 online resource.
|
| 336 |
|
|
|a text
|b txt
|2 rdacontent
|
| 337 |
|
|
|a computer
|b c
|2 rdamedia
|
| 338 |
|
|
|a online resource
|b cr
|2 rdacarrier
|
| 500 |
|
|
|a "Major Subject: Water Management and Hydrological Sciences"
|
| 500 |
|
|
|a Title from author supplied metadata (automated record created 2010-03-12 12:08:51).
|
| 502 |
|
|
|b Master of Science
|c Texas A&M University
|d 2009
|o http://hdl.handle.net/1969.1/ETD-TAMU-2009-08-6970
|
| 504 |
|
|
|a Includes bibliographical references.
|
| 516 |
|
|
|a Text (Thesis)
|
| 520 |
3 |
|
|a A sports field construction method that uses a geotextile to support the root zone atop a synthetic drainage structure is an alternative to the common design that uses gravel drainage material to support the root zone. A study was conducted to address the concern that fine particles in the root zone may migrate under the influence of percolating water, clog geotextile pores, and restrict the amount of water drained from a sports field. In test columns, six root zone mixtures with different particle size distributions were combined with ten geotextiles with different opening sizes to produce 60 replicated treatments. Water flow through the root zone mixture-geotextile combinations in the test columns was evaluated over a six-month period. Change in permeability was assessed by monitoring the temporal distribution of drainage from a 25-mm pulse of water applied to 300-mm deep root zone mixture in the test column. Particles in drainage water were analyzed for size distribution. The study revealed that drainage rates were affected more by drainage trough the root zone mixture than through the geotextile. The amount and particle size distribution of particles in drainage water were influenced more by root zone mixture than by geotextile. It appeared that in the establishment phase of a sports field that fine particles in the root zone may present more of a problem to clogging of the root zone pores than clogging of the geotextile pores.
|
| 500 |
|
|
|a Electronic resource.
|
| 650 |
|
4 |
|a Major Water management and hydrological sciences.
|
| 653 |
|
|
|a particle migration
|
| 653 |
|
|
|a fines
|
| 653 |
|
|
|a geotextile clogging
|
| 653 |
|
|
|a geotextile
|
| 700 |
1 |
|
|a McInnes, Kevin J.,
|e thesis advisor.
|
| 856 |
4 |
0 |
|u http://hdl.handle.net/1969.1/ETD-TAMU-2009-08-6970
|z Link to OAK Trust copy
|t 0
|
| 948 |
|
|
|a cataloged
|b h
|c 2010/4/28
|d c
|e jgreene
|f 11:57:45 am
|
| 994 |
|
|
|a C0
|b TXA
|
| 999 |
|
|
|a MARS
|
| 999 |
f |
f |
|s 9aa3fd22-d37d-34f9-9116-507dd7e3433b
|i f5ca0175-9d5b-395f-85b0-effb3fb6cb39
|t 0
|
| 952 |
f |
f |
|a Texas A&M University
|b College Station
|c Electronic Resources
|d Available Online
|t 0
|e 2009 Thesis 1969.1/ETD-TAMU-2009-08-6970
|h Other scheme
|
| 998 |
f |
f |
|a 2009 Thesis 1969.1/ETD-TAMU-2009-08-6970
|t 0
|l Available Online
|